00621nam a22001817a 4500952012800000999001700128003000400145005001700149008004100166020001900207040001800226082001800244100002800262245005800290260004000348300000900388942004200397 00102ddc40708LITaMESbMEScHINd2019-10-26g400.00l0o891.43 SIY/Rp40772r2019-11-01 00:00:00w2019-11-01yBKzGR6R4 c40746d40746OSt20200606120142.0191101b ||||| |||| 00| 0 eng d a 9788189229870 cMESKC library a891.43bSIY/R aSiyal, Shanti Kumar943 aRajbasha hindi aur uska swaroop /cShanti Kumar Siyal aDelhi :bParampara Prakashan,c2013 a207p 2ddccBKh891.43iSIY/Rk891.43mSIY/R